Harry Potter - 12 mots de passe - Statistiques

Statistiques générales
  • Ce quiz a été pris 72 fois
  • Le résultat moyen est 5 sur 12
Answers on the Grid
Answers color-coded by a green-red scale on the quiz's grid according to % correct below.
Fraîcheur des pins
Guirlande
Lune d'opale
Fizwizbiz
Postuna Granda
Vil maraud
Sorbet citron
Rosam Estia
Forest Matior
Chocogrenouille
Caput Draconis
Grandeur
Bananes frites
Mimbulus Mimbletonia
Potage Royal
Miamhibou
Mie de pain
Fariboles
En garde
Bougie
Fortuna Major
Dragées
Etoile
Nids de cafards
 
Statistiques - réponses
Réponse % Correct
Caput Draconis
79%
Fortuna Major
77%
Sorbet citron
75%
Fizwizbiz
38%
Mimbulus Mimbletonia
38%
Fariboles
34%
Nids de cafards
28%
Potage Royal
25%
Fraîcheur des pins
23%
Vil maraud
23%
Bananes frites
16%
Guirlande
13%
Aucun quiz correspondant
Distribution des résultats
% des personnes avec chaque résultat
Percentile par nombre de réponses
Votre historique - résultats
Vous n’avez pas pris ce quiz